| 000 | 00450nam a2200193Ia 4500 | ||
|---|---|---|---|
| 003 | OSt | ||
| 005 | 20240316122411.0 | ||
| 008 | 210210b1937 xxu||||| |||| 00| 0 eng d | ||
| 040 | _cAL | ||
| 041 | _aeng | ||
| 082 | _a821/853 | ||
| 100 |
_aBINYON (L) _9154914 |
||
| 245 | _aShakuntala | ||
| 260 |
_aLondon _bMacmillan & Co. Ltd. _c1937 |
||
| 650 |
_aShakuntala _9154915 |
||
| 690 |
_aEnglish Drama _9154916 |
||
| 906 | _a012019 | ||
| 942 |
_2ddc _cBK |
||
| 999 |
_c130770 _d130770 |
||